Music Quiz

Random Music or Lyrics Quiz

Lyrics to Same Girl Quiz Stats

 Plays Quiz not verified by Sporcle

Also try: 50 Cover Songs
Challenge
Share
Tweet
Embed
Score 0/12 Timer 06:00
0 Plays Today
what line comes next? % Correct
Want to introduce you to this girlthink I really love this girl
87.5%
Yo Ush, what up kells
75%
She stands about five fourCoca cola red bone
72.5%
man she's so fineStraight up dawg
60%
She drives a black durangolicense plate say angel
60%
And I call her T. T.wait a minute hold on dawg
37.5%
Got a crib on Peace Street, peace street?
27.5%
Tattoo on her ankleand she's making pesos
12.5%
Do she got a kid? yup, love some waffle house?
12.5%
Right on 17th street17th street?
7.5%
yep, works for TBS?yep, man I can't believe this chick damn
7.5%
yup, do she got a beauty mark on the left side of her mouth?yep went to georgia tech?
0%

You're not logged in!

Compare scores with friends on all Sporcle quizzes.
Join for Free
OR
Log In

You Might Also Like...

Show Comments

Extras

Created May 1, 2010ReportNominate
Tags:Lyrics Quiz, girl, next, same

Top Quizzes Today


Score Distribution

Your Account Isn't Verified!

In order to create a playlist on Sporcle, you need to verify the email address you used during registration. Go to your Sporcle Settings to finish the process.

Report this User

Report this user for behavior that violates our Community Guidelines.

Details: